=LDR 00000nam 2200000 4500 =001 INLIS000000000049372 =005 20170213110218.0 =006 =007 =008 =020 ##$$a 978-602-7686-20-13 =035 ##$$0010-021700000000164 =040 ##$$a NBPDMAT =082 ##$$a 499 .227 5 =090 ##$$a 499 .227 5 Jal h .I =100 ##$$a Jalaluddin Arzaki =245 ##$$a Hal Pengertian tata bahasa sasak jilid I / H. Jalaluddin Arzaki ; editor Lalu Mawardi =260 ##$$a Pringgabaya : $b KSU Primaguna, $c 2014 =650 ##$$a TATA BAHASA SASAK =700 ##$$a Lalu Mawardi =990 ##$$a 213/46/2017 =990 ##$$a 21603386 =990 ##$$a 21603387 =990 ##$$a 21603388 =990 ##$$a 21603389 =990 ##$$a 213/46/2017 =990 ##$$a 213/46/2017 =990 ##$$a 21603387 =990 ##$$a 21603388 =990 ##$$a 21603389 =990 ##$$a 213/46/2017 =990 ##$$a 213/46/2017 =990 ##$$a 213/46/2017 =990 ##$$a 21603388 =990 ##$$a 21603389 =990 ##$$a 213/46/2017 =990 ##$$a 213/46/2017 =990 ##$$a 213/46/2017 =990 ##$$a 213/46/2017 =990 ##$$a 21603389 =990 ##$$a 213/46/2017 =990 ##$$a 213/46/2017 =990 ##$$a 213/46/2017 =990 ##$$a 213/46/2017 =990 ##$$a 213/46/2017